De la producción saldrán las casas : hacia una política de vivienda : intervención en el Plenario Legislativo del 28 de octubre de 1986
保存先:
| 第一著者: | |
|---|---|
| フォーマット: | 図書 |
| 言語: | Spanish |
| 出版事項: |
La Uruca, San José, CR : Imprenta Nacional
1987.
|
| 主題: | |
| タグ: |
タグ追加
タグなし, このレコードへの初めてのタグを付けませんか!
|
MARC
| LEADER | 00000nam a2200000Ia 4500 | ||
|---|---|---|---|
| 003 | 004515 | ||
| 005 | 20221231144000.0 | ||
| 008 | 140114s1987 cr a 000 ||spa d | ||
| 040 | |c cru CEDI | ||
| 082 | |a 307.3 S687d | ||
| 100 | |a Solís Herrera, Javier |9 20599 | ||
| 245 | |a De la producción saldrán las casas : hacia una política de vivienda : intervención en el Plenario Legislativo del 28 de octubre de 1986 | ||
| 260 | |a La Uruca, San José, CR : Imprenta Nacional |c 1987. | ||
| 300 | |a 24 páginas ; 20 cm | ||
| 650 | |x VIVIENDA - FINANCIACION |9 20600 | ||
| 942 | |2 ddc |c BK | ||
| 999 | |c 15147 |d 15147 | ||
